000 00451nam a2200181Ia 4500
001 9510
005 20260306161723.0
008 260306t2006||||xx |||||||||||||| ||spa||
041 _aESP
082 _a379.85
_bM84
100 _aMontero, Carmen (Ed.)
_eAUT
245 0 _aEscuela y participación en el Perú:
_btemas y dilemas
260 _c2006
300 _a354 páginas :
_c20 cm.
650 _aGEN
654 _aCED
942 _cLIB
_dJUS
_fJUS
_2ddc
_n
999 _c9510
_d9510